| 000 | 00850nam a22001817a 4500 | ||
|---|---|---|---|
| 999 |
_c61235 _d61235 |
||
| 005 | 20240109153023.0 | ||
| 008 | 240109s1986 ru ||||| |||| 00| 0 rus d | ||
| 041 | _arus | ||
| 080 | _a930.1 M-93 | ||
| 100 |
_aМучник, В. M. _920993 |
||
| 245 |
_aВ поисках утраченного смысла истории: _b(Генезис и эволюция исторических взглядов А. Дж. Тойнби) / _cВ. M. Мучник; Томский гос. ун-т им. В. В. Куйбышева. |
||
| 264 |
_aТомск : _bИздательство Томского университета, _c1986. |
||
| 300 |
_a200 c.; _b21 см. |
||
| 653 | _aისტორია | ||
| 653 | _aევოლუცია | ||
| 710 |
_aТомский гос. ун-т им. В. В. Куйбышева. _920994 |
||
| 942 |
_2udc _cᲬᲘᲒᲜᲘ |
||